XV type de l'équipe de France de rugby par année - Statistiques

Statistiques générales
  • Ce quiz a été pris 170 fois
    64 depuis la dernière actualisation
  • Le résultat moyen est 31 sur 38
Statistiques - réponses
Joueur % Correct
Antoine Dupont
100%
Damian Penaud
100%
Jean-Baptiste Gros
100%
Thomas Ramos
100%
François Cros
97%
Julien Marchand
97%
Péato Mauvaka
97%
Romain Ntamack
97%
Gaël Fickou
95%
Louis Bielle-Biarrey
95%
Matthieu Jalibert
95%
Maxime Lucu
95%
Thibaud Flament
95%
Uini Atonio
95%
Anthony Jelonch
92%
Cyril Baille
92%
Yoram Moefana
89%
Charles Ollivon
84%
Grégory Alldritt
84%
Melvyn Jaminet
84%
Jonathan Danty
81%
Emmanuel Meafou
78%
Gabin Villière
78%
Pierre-Louis Barassi
78%
Léo Barré
76%
Virimi Vakatawa
76%
Brice Dulin
73%
Paul Boudehent
73%
Paul Willemse
70%
Cameron Woki
68%
Teddy Thomas
68%
Anthony Bouthier
65%
Bernard Le Roux
65%
Ethan Dumortier
65%
Vincent Rattez
57%
Arthur Vincent
54%
Mohamed Haouas
51%
Dylan Cretin
43%
Aucun quiz correspondant
Distribution des résultats
% des personnes avec chaque résultat
Percentile par nombre de réponses
Votre historique - résultats
Vous n’avez pas pris ce quiz depuis la dernière actualisation